Copper complexes with nonsteroidal anti-inflammatory drugs and their interactions with biomolecules

Enregistré dans:
Détails bibliographiques
Auteur principal: Jozefíková, Flóra (Auteur)
Autres auteurs: Moncoľ, Ján (Directeur de thèse)
Format: Manuscrit Livre
Langue:slovaque
anglais
Publié: 2021
Sujets:
Accès en ligne:http://is.stuba.sk/zp/portal_zp.pl?podrobnosti=145762
Tags: Ajouter un tag
Pas de tags, Soyez le premier à ajouter un tag!

MARC

LEADER 00000ntm a22000003a 4500
001 stuzp66188
003 SK-STU
005 20210904210424.8
007 ta
008 150427s2015----xo-----f-mn---000-0-slo-d
040 |a STU  |b slo 
041 0 |a eng 
100 1 |a Jozefíková, Flóra  |u 042190  |4 aut  |U FCHPT Ústav anorganickej chémie, technológie a materiálov  |T FCHPT Oddelenie anorganickej chémie  |X 42631  |U C2190  |Y 112  |7 42631 
242 0 1 |a Meďnaté komplexy s nesteroidnými protizápalovými liečivami a ich interakcie s biomolekulami  |y slo 
245 1 0 |a Copper complexes with nonsteroidal anti-inflammatory drugs and their interactions with biomolecules 
260 |c 2021 
650 4 |a Cu(II) komplexy  |2 slo 
650 4 |a NSAIDs  |2 slo 
650 4 |a nikotínamid  |2 slo 
650 4 |a izonikotínamid  |2 slo 
650 4 |a biologická aktivita  |2 slo 
650 4 |a Cu(II) complexes  |2 eng 
650 4 |a NSAIDs  |2 eng 
650 4 |a nicotinamide  |2 eng 
650 4 |a isonicotinamide  |2 eng 
650 4 |a biological activity  |2 eng 
700 1 |a Moncoľ, Ján  |u 042190  |k Z1  |4 ths  |U FCHPT Ústav anorganickej chémie, technológie a materiálov  |T FCHPT Oddelenie anorganickej chémie  |X 3990  |U C2190  |Y 112  |7 A000003990 
856 4 |u http://is.stuba.sk/zp/portal_zp.pl?podrobnosti=145762